000
00317nam a22001457a 4500
008
221014b ||||| |||| 00| 0 eng d
020
_a
9780324008807
041
_a
eng
080
_a
330
082
_a
330
100
_a
23.1
101
_a
ECO
245
_a
INTRODUCTION TO ECONOMICS
_c
LIEBERMAN
942
_2
udc
_c
BK
999
_c
58579
_d
58579